| 000 | 00590nam a2200169 i 4500 | ||
|---|---|---|---|
| 001 | 38109 | ||
| 003 | ES-MaACL | ||
| 005 | 20230906155711.0 | ||
| 007 | t| | ||
| 008 | 030224s1897 sp ||||1| spa d | ||
| 100 | 1 |
_aCabello y Lapiedra, Luis María. _933183 |
|
| 245 | 1 | 3 |
_aEl arte, los artistas y la exposición de Bellas Artes de 1897 / _cLuis María Cabello y Lapiedra. |
| 260 |
_aMadrid : _b[s.n., _c1897] ( _fHijos de M.G. Hernández) |
||
| 300 |
_aVIII, 157 p. ; _c19 cm. |
||
| 611 | 2 | 4 |
_aExposición Nacional de Bellas Artes. _d1897. _cMadrid) _9137423 |
| 852 |
_aES-MaACL _jT-1117-F-2 |
||
| 999 |
_c38109 _d38109 |
||